[Event "ROM-chT"]
[Site "Calimanesti"]
[Date "2014.11.13"]
[Round "6.4"]
[White "Stegariu, Vlad Ionut"]
[Black "Dolana, Andrei Theodor"]
[Result "1/2-1/2"]
[WhiteElo "2262"]
[BlackElo "2245"]
[PlyCount "46"]
[EventDate "2014.11.08"]
[EventType "team-tourn"]
[EventRounds "9"]
[EventCountry "ROU"]
[SourceTitle "EXT 2015"]
[Source "ChessBase"]
[SourceDate "2014.11.20"]
[SourceVersion "1"]
[SourceVersionDate "2014.11.20"]
[SourceQuality "1"]
[WhiteTeam "Iasi Politehnica"]
[BlackTeam "Baia Mare"]
[WhiteTeamCountry "ROU"]
[BlackTeamCountry "ROU"]

1. d4 Nf6 2. c4 e6 3. Nf3 c5 4. d5 exd5 5. cxd5 d6 6. Nc3 g6 7. Bg5 h6 8. Bh4 g5 9. Bg3 Nh5 10. Qa4+ Nd7 11. e3 Nxg3 12. hxg3 Bg7 13. Qc2 0-0 14. Be2 f5 15. Nd2 Ne5 16. 0-0 Bd7 17. a4 Qf6 18. Bb5 a6 19. Bxd7 Nxd7 20. Nc4 Rab8 21. Qe2 b5 22. axb5 axb5 23. Ra7 bxc4 1/2-1/2

[Event "Moscow Petrosian Memorial"]
[Site "Moscow"]
[Date "2014.06.29"]
[Round "3"]
[White "Kukhmazov, Arsen"]
[Black "Stegariu, Vlad Ionut"]
[Result "1-0"]
[WhiteElo "2271"]
[BlackElo "2279"]
[PlyCount "67"]
[EventDate "2014.06.28"]
[EventType "tourn"]
[EventRounds "9"]
[EventCountry "RUS"]
[EventCategory "2"]
[SourceTitle "CBM 161 Extra"]
[Source "ChessBase"]
[SourceDate "2014.08.29"]
[SourceVersion "1"]
[SourceVersionDate "2014.08.29"]
[SourceQuality "1"]

1. d4 Nf6 2. c4 g6 3. g3 Bg7 4. Bg2 0-0 5. Nc3 d6 6. Nf3 Nc6 7. 0-0 Rb8 8. b3 a6 9. Bb2 Bd7 10. Rc1 b5 11. cxb5 axb5 12. Ne1 b4 13. Na4 Na5 14. Nd3 Bxa4 15. bxa4 Nd7 16. Qc2 b3 17. Qd2 c6 18. Bxc6 bxa2 19. Bd5 Nb3 20. Bxb3 Rxb3 21. Ra1 Qb6 22. a5 Qa7 23. e3 e5 24. dxe5 Qa6 25. Rfd1 Rfb8 26. Rxa2 R8b5 27. e6 fxe6 28. Bxg7 Kxg7 29. Nf4 d5 30. Rc1 Rb1 31. Kg2 e5 32. Rxb1 Rxb1 33. Qd3 Rb5 34. Ne6+ 1-0

[Event "ROM-ch U20"]
[Site "Calimanesti"]
[Date "2014.04.12"]
[Round "8"]
[White "Doros, Radu Marian"]
[Black "Stegariu, Vlad Ionut"]
[Result "0-1"]
[WhiteElo "2336"]
[BlackElo "2259"]
[PlyCount "108"]
[EventDate "2014.04.06"]
[EventType "tourn"]
[EventRounds "9"]
[EventCountry "ROU"]
[SourceTitle "CBM 160 Extra"]
[Source "ChessBase"]
[SourceDate "2014.07.01"]
[SourceVersion "1"]
[SourceVersionDate "2014.07.01"]
[SourceQuality "1"]

1. d4 Nf6 2. c4 g6 3. Nf3 Bg7 4. g3 d6 5. Bg2 0-0 6. 0-0 Nc6 7. Nc3 a6 8. Bf4 Bf5 9. Rc1 Qc8 10. d5 Nb8 11. Re1 Ne4 12. Nxe4 Bxe4 13. Qd2 c5 14. a3 Nd7 15. Bh3 Bxf3 16. exf3 Qd8 17. Qe2 Re8 18. Be3 Nf8 19. b4 b6 20. Qd2 Qc7 21. Red1 Reb8 22. Bf1 Nd7 23. h4 cxb4 24. Qxb4 Nc5 25. f4 Qd7 26. Rb1 Rb7 27. Kh2 Rab8 28. Be2 Bf6 29. Kg2 Na4 30. Rbc1 Kg7 31. h5 Rc8 32. Rh1 b5 33. Qd2 bxc4 34. Bxc4 Rb2 35. Qd3 Nc5 36. Qd1 Qf5 37. Qf3 gxh5 38. Rxh5 Qe4 39. Rch1 Qxf3+ 40. Kxf3 Rh8 41. Rc1 Nb3 42. Rd1 a5 43. g4 Rc8 44. Ba6 Rc3 45. g5 Bd4 46. Rdh1 Rxf2+ 47. Kxf2 Bxe3+ 48. Kf3 Bd4+ 49. Kg4 Nc5 50. Bb5 Ne4 51. Re1 Nf2+ 52. Kf5 e6+ 53. dxe6 Rc5+ 54. Re5 dxe5 0-1

[Event "ROM-ch U20"]
[Site "Calimanesti"]
[Date "2014.04.10"]
[Round "6"]
[White "Pop, Alexandru"]
[Black "Stegariu, Vlad Ionut"]
[Result "0-1"]
[WhiteElo "2286"]
[BlackElo "2259"]
[PlyCount "69"]
[EventDate "2014.04.06"]
[EventType "tourn"]
[EventRounds "9"]
[EventCountry "ROU"]
[SourceTitle "CBM 160 Extra"]
[Source "ChessBase"]
[SourceDate "2014.07.01"]
[SourceVersion "1"]
[SourceVersionDate "2014.07.01"]
[SourceQuality "1"]

1. c4 Nf6 2. g3 g6 3. Bg2 Bg7 4. Nc3 0-0 5. e4 c5 6. Nge2 Nc6 7. d3 d6 8. 0-0 Rb8 9. h3 a6 10. a4 Ne8 11. Be3 Nd4 12. Rb1 Bd7 13. b4 b6 14. f4 Nc7 15. b5 a5 16. g4 f5 17. gxf5 gxf5 18. Ng3 e5 19. Nh5 Bh6 20. Kh2 Kh8 21. Rb2 Qh4 22. Bf2 Qe7 23. Bg3 Nde6 24. Rbf2 exf4 25. Nxf4 Nxf4 26. Bxf4 Bxf4+ 27. Rxf4 Qe5 28. Nd5 Ne6 29. Kh1 Nxf4 30. Rxf4 Be6 31. Rh4 Bxd5 32. cxd5 Rb7 33. exf5 Qxf5 34. Qa1+ Qf6 35. Qxf6+ 0-1

[Event "ROM-ch U20"]
[Site "Calimanesti"]
[Date "2014.04.09"]
[Round "4"]
[White "Nalbaru, Marin Ciprian"]
[Black "Stegariu, Vlad Ionut"]
[Result "0-1"]
[WhiteElo "1001"]
[BlackElo "2259"]
[PlyCount "76"]
[EventDate "2014.04.06"]
[EventType "tourn"]
[EventRounds "9"]
[EventCountry "ROU"]
[SourceTitle "CBM 160 Extra"]
[Source "ChessBase"]
[SourceDate "2014.07.01"]
[SourceVersion "1"]
[SourceVersionDate "2014.07.01"]
[SourceQuality "1"]

1. e4 c5 2. c4 Nc6 3. Nc3 g6 4. g3 Bg7 5. Nge2 Ne5 6. Bg2 Nxc4 7. d3 Na5 8. 0-0 d6 9. a3 Nc6 10. Rb1 a5 11. Be3 Nf6 12. Qd2 Ng4 13. Rfc1 0-0 14. Nb5 Nxe3 15. Qxe3 Qb6 16. a4 Bd7 17. Nec3 Nd4 18. Nd5 Qd8 19. Nbc7 Rc8 20. Nb5 Nxb5 21. axb5 Bxb5 22. Nc3 Bc6 23. Nd5 e6 24. Nf4 b5 25. Ne2 Qb6 26. b3 Rb8 27. Kh1 Qa7 28. Qd2 Rfc8 29. d4 cxd4 30. Rd1 e5 31. f4 Bd7 32. Qa2 a4 33. bxa4 bxa4 34. Rxb8 Rxb8 35. Rf1 a3 36. fxe5 Be6 37. Qa1 dxe5 38. Nc1 d3 0-1